[Event "Sant Andreu Tram-B"]
[Site "Barcelona"]
[Date "2019.10.12"]
[Round "4"]
[White "Franzoni Ladron, Enric"]
[Black "Povill Batlle, Ramon"]
[Result "0-1"]
[WhiteElo "1743"]
[BlackElo "1872"]
[PlyCount "66"]
[EventDate "2019.09.14"]
[EventType "tourn"]
[EventRounds "9"]
[EventCountry "ESP"]
[SourceTitle "CBM 195 Extra"]
[Source "ChessBase"]
[SourceDate "2020.05.31"]
[SourceVersion "1"]
[SourceVersionDate "2020.05.31"]
[SourceQuality "1"]

1. Nf3 Nf6 2. b3 g6 3. Bb2 Bg7 4. e3 c5 5. c4 d6 6. Be2 0-0 7. 0-0 Nc6 8. Nc3 d5 9. d4 cxd4 10. exd4 e6 11. Qd2 Ne4 12. Qe3 Nd6 13. Rfd1 Nf5 14. Qf4 h5 15. Nb5 a6 16. Nc7 Bh6 17. Qxh6 Nxh6 18. Nxa8 Bd7 19. Ba3 Re8 20. Ne5 Nxe5 21. dxe5 Qxa8 22. h3 Bc6 23. g4 hxg4 24. hxg4 Qd8 25. Rd3 Qh4 26. f3 dxc4 27. bxc4 Nxg4 28. fxg4 Qh1+ 29. Kf2 Qxa1 30. Bd6 Qxa2 31. Ra3 Qd2 32. Rd3 Qf4+ 33. Ke1 Kg7 0-1

[Event "Sant Andreu Tram-B"]
[Site "Barcelona"]
[Date "2019.09.21"]
[Round "2"]
[White "Dartmann Aubanell, Catriona"]
[Black "Povill Batlle, Ramon"]
[Result "1/2-1/2"]
[WhiteElo "1829"]
[BlackElo "1872"]
[PlyCount "44"]
[EventDate "2019.09.14"]
[EventType "tourn"]
[EventRounds "9"]
[EventCountry "ESP"]
[SourceTitle "CBM 195 Extra"]
[Source "ChessBase"]
[SourceDate "2020.05.31"]
[SourceVersion "1"]
[SourceVersionDate "2020.05.31"]
[SourceQuality "1"]

1. e4 c5 2. Nf3 Nc6 3. c3 g6 4. d4 cxd4 5. cxd4 Bg7 6. Nc3 d6 7. Be2 Nf6 8. 0-0 0-0 9. h3 a6 10. Bf4 b5 11. a3 d5 12. e5 Ne4 13. Qc2 Bf5 14. Bd3 Rc8 15. Rac1 Qd7 16. Rfe1 b4 17. Bxe4 dxe4 18. Nxe4 Nxd4 19. Qd3 Nxf3+ 20. Qxf3 bxa3 21. bxa3 Rxc1 22. Rxc1 Qb5 1/2-1/2

[Event "La Pobla de Lillet op-A 29th"]
[Site "La Pobla de Lillet"]
[Date "2019.08.02"]
[Round "1"]
[White "Capellades Subirana, Marc"]
[Black "Povill Batlle, Ramon"]
[Result "1-0"]
[WhiteElo "2194"]
[BlackElo "1853"]
[PlyCount "57"]
[EventDate "2019.08.02"]
[EventType "swiss"]
[EventRounds "9"]
[EventCountry "ESP"]
[SourceTitle "EXT 2020"]
[Source "ChessBase"]
[SourceDate "2019.10.17"]
[SourceVersion "1"]
[SourceVersionDate "2019.10.17"]
[SourceQuality "1"]

1. e4 c5 2. Nf3 Nc6 3. Nc3 g6 4. d4 cxd4 5. Nxd4 Bg7 6. Be3 d6 7. Qd2 Nf6 8. f3 Bd7 9. 0-0-0 Rc8 10. g4 Nxd4 11. Bxd4 Qa5 12. Kb1 Be6 13. a3 a6 14. h4 h6 15. Rh2 Qc7 16. Nd5 Bxd5 17. exd5 0-0 18. h5 g5 19. c4 b5 20. cxb5 axb5 21. Bxb5 Rb8 22. a4 Nd7 23. Bxg7 Kxg7 24. f4 f6 25. Qd3 Rh8 26. Re2 Nc5 27. Qg6+ Kf8 28. Rde1 Rg8 29. Qxh6+ 1-0

[Event "Foment Martinenc op-A 21st"]
[Site "Barcelona"]
[Date "2019.04.27"]
[Round "1"]
[White "Povill Batlle, Ramon"]
[Black "Alvarez Albiol, Victor"]
[Result "1-0"]
[WhiteElo "1835"]
[BlackElo "2128"]
[PlyCount "155"]
[EventDate "2019.04.27"]
[EventType "swiss"]
[EventRounds "9"]
[EventCountry "ESP"]
[SourceTitle "EXT 2020"]
[Source "ChessBase"]
[SourceDate "2019.10.17"]
[SourceVersion "1"]
[SourceVersionDate "2019.10.17"]
[SourceQuality "1"]

1. e4 c5 2. d4 cxd4 3. c3 Nf6 4. e5 Nd5 5. Nf3 e6 6. Qxd4 Nc6 7. Qg4 Qc7 8. Be2 Nxe5 9. Nxe5 Qxe5 10. Nd2 Nf4 11. Nc4 Qxe2+ 12. Qxe2 Nxe2 13. Kxe2 b6 14. Ne3 Ba6+ 15. Kf3 d5 16. Re1 0-0-0 17. Nc2 Bd6 18. Bf4 Rhe8 19. Bxd6 Rxd6 20. Rad1 e5 21. Nb4 Bb7 22. Ke2 a5 23. Nc2 d4 24. f3 Rc6 25. Kf2 dxc3 26. Nd4 c2 27. Rc1 Rc4 28. Nb5 Rd8 29. Re2 f6 30. Nc3 Kb8 31. Rexc2 Rdc8 32. Rd2 b5 33. Rcd1 b4 34. Nb5 Rc2 35. Ke3 Ba6 36. Nd6 Rxd2 37. Rxd2 Rd8 38. Nf5 Rxd2 39. Kxd2 g6 40. Nd6 Bb7 41. Ne8 f5 42. Nf6 Kc7 43. Nxh7 Bd5 44. a3 bxa3 45. bxa3 Kd6 46. Ng5 Ke7 47. Ke3 Kf6 48. Nh7+ Kg7 49. Ng5 Kf6 50. Nh7+ Kg7 51. Ng5 Kh6 52. Nh3 g5 53. Nf2 Kg6 54. Nd3 Kf6 55. Nc5 Ke7 56. Nd3 Kf6 57. Ne1 Ke6 58. Kd3 Kd6 59. Kc3 e4 60. Kd4 a4 61. h3 Ke6 62. fxe4 Bxe4 63. Nf3 Bxf3 64. gxf3 Kd6 65. Ke3 Kc5 66. f4 gxf4+ 67. Kxf4 Kc4 68. h4 Kb3 69. h5 Kxa3 70. h6 Ka2 71. h7 a3 72. h8Q Kb1 73. Qh1+ Kb2 74. Qg2+ Kb1 75. Qf1+ Kb2 76. Qe2+ Ka1 77. Qc2 a2 78. Qc1# 1-0

[Event "Foment Martinenc op-A 20th"]
[Site "Barcelona"]
[Date "2018.04.21"]
[Round "1"]
[White "Aguadero Casado, Jorge Ignacio"]
[Black "Povill Batlle, Ramon"]
[Result "1/2-1/2"]
[WhiteElo "1659"]
[BlackElo "1937"]
[PlyCount "56"]
[EventDate "2018.04.21"]
[EventType "swiss"]
[EventRounds "9"]
[EventCountry "ESP"]
[SourceTitle "CBM 184 Extra"]
[Source "ChessBase"]
[SourceDate "2018.06.28"]
[SourceVersion "1"]
[SourceVersionDate "2018.06.28"]
[SourceQuality "1"]

1. c4 e5 2. g3 Nf6 3. Bg2 d5 4. cxd5 Nxd5 5. Qb3 Nb6 6. Nf3 Nc6 7. Nc3 Be6 8. Qc2 Be7 9. 0-0 0-0 10. a3 Qc8 11. Re1 Bh3 12. Bh1 g5 13. d3 g4 14. Ng5 Nd4 15. Qd1 Bxg5 16. Bxg5 f5 17. Nd5 Nxd5 18. Bxd5+ Kg7 19. Qd2 Kg6 20. Be7 h6 21. Bxf8 Qxf8 22. e3 Qd6 23. Bh1 Nb3 24. Qc3 Nxa1 25. Rxa1 c6 26. Rd1 e4 27. d4 Rd8 28. Rc1 Rd7 1/2-1/2

[Event "Barcelona Paredes Memorial 19th"]
[Site "Barcelona"]
[Date "2017.06.17"]
[Round "9"]
[White "Povill Batlle, Ramon"]
[Black "Catala Ulied, Bernat"]
[Result "1-0"]
[WhiteElo "1921"]
[BlackElo "1898"]
[PlyCount "57"]
[EventDate "2017.04.22"]
[EventType "swiss"]
[EventRounds "9"]
[EventCountry "ESP"]
[SourceTitle "EXT 2018"]
[Source "ChessBase"]
[SourceDate "2017.10.13"]
[SourceVersion "1"]
[SourceVersionDate "2017.10.13"]
[SourceQuality "1"]

1. e4 c5 2. d4 cxd4 3. c3 d5 4. exd5 Qxd5 5. cxd4 Nf6 6. Nc3 Qd8 7. Nf3 g6 8. Bc4 Bg7 9. 0-0 0-0 10. d5 a6 11. Be3 b5 12. Bb3 Bb7 13. Bc5 Ne8 14. Re1 Nd6 15. Qe2 Re8 16. Rad1 Qc7 17. Bxd6 Qxd6 18. Ne4 Qb6 19. d6 Nd7 20. Bxf7+ Kh8 21. Bxe8 Rxe8 22. Neg5 Bf6 23. Qe6 Qc6 24. Qf7 Nf8 25. d7 Rd8 26. Ne6 Nxe6 27. Rxe6 Qc2 28. Rde1 Bc6 29. Rxf6 1-0

[Event "La Pobla de Lillet op 26th"]
[Site "La Pobla de Lillet"]
[Date "2016.08.09"]
[Round "8.10"]
[White "Povill Batlle, Ramon"]
[Black "Tejero Royo, Fermin"]
[Result "1/2-1/2"]
[WhiteElo "1886"]
[BlackElo "2012"]
[PlyCount "45"]
[EventDate "2016.08.02"]
[EventType "swiss"]
[EventRounds "9"]
[EventCountry "ESP"]
[SourceTitle "EXT 2024"]
[Source "ChessBase"]
[SourceDate "2023.10.10"]
[SourceVersion "1"]
[SourceVersionDate "2023.10.10"]
[SourceQuality "1"]

1. e4 e5 2. Nf3 Nc6 3. Bc4 Be7 4. c3 Nf6 5. d3 d6 6. Bb3 Bg4 7. Nbd2 Qd7 8. Nc4 d5 9. Ne3 dxe4 10. dxe4 Nxe4 11. Nxg4 Qxg4 12. Bxf7+ Kf8 13. 0-0 Qf5 14. Bb3 g5 15. Nd2 Nxd2 16. Qxd2 h5 17. Qd5 Rd8 18. Qe6 Qxe6 19. Bxe6 Kg7 20. Be3 Kf6 21. Bb3 b6 22. Rfd1 Na5 23. Kf1 1/2-1/2

[Event "La Pobla de Lillet op 26th"]
[Site "La Pobla de Lillet"]
[Date "2016.08.02"]
[Round "1.10"]
[White "Capellades Subirana, Marc"]
[Black "Povill Batlle, Ramon"]
[Result "1-0"]
[WhiteElo "2148"]
[BlackElo "1886"]
[PlyCount "89"]
[EventDate "2016.08.02"]
[EventType "swiss"]
[EventRounds "9"]
[EventCountry "ESP"]
[SourceTitle "EXT 2024"]
[Source "ChessBase"]
[SourceDate "2023.10.10"]
[SourceVersion "1"]
[SourceVersionDate "2023.10.10"]
[SourceQuality "1"]

1. e4 c5 2. Nf3 Nc6 3. d4 cxd4 4. Nxd4 g6 5. Nc3 Bg7 6. Be3 Nf6 7. Bc4 Qa5 8. 0-0 0-0 9. a3 a6 10. Nxc6 dxc6 11. f3 c5 12. Qe1 Qc7 13. Qf2 b6 14. Rad1 Bb7 15. a4 Rac8 16. Qe2 Ra8 17. Rd2 Rfd8 18. Rxd8+ Qxd8 19. Rd1 Qc7 20. Qd2 Bc6 21. Bf4 Qb7 22. e5 Nh5 23. e6 f5 24. Be3 Nf6 25. Qd3 Kf8 26. b3 Ke8 27. Kf2 Qc7 28. Nd5 Nxd5 29. Bxd5 Bxd5 30. Qxd5 Rd8 31. Qxd8+ Qxd8 32. Rxd8+ Kxd8 33. b4 f4 34. Bxf4 cxb4 35. Ke3 Kc8 36. Ke4 h6 37. Kd5 Kb7 38. Bd6 Bf6 39. Bxb4 h5 40. Bd2 a5 41. c4 Kc7 42. g4 hxg4 43. fxg4 g5 44. Be1 Kb7 45. Bg3 1-0

[Event "Foment Martinenc op-A 18th"]
[Site "Barcelona"]
[Date "2016.05.28"]
[Round "6"]
[White "Povill Batlle, Ramon"]
[Black "Abad Sanmartin, Jorge"]
[Result "1-0"]
[WhiteElo "1830"]
[BlackElo "2077"]
[PlyCount "73"]
[EventDate "2016.04.23"]
[EventType "swiss"]
[EventRounds "9"]
[EventCountry "ESP"]
[SourceTitle "EXT 2017"]
[Source "ChessBase"]
[SourceDate "2016.10.25"]
[SourceVersion "1"]
[SourceVersionDate "2016.10.25"]
[SourceQuality "1"]

1. e4 c5 2. d4 e6 3. Nf3 Nf6 4. e5 Nd5 5. c4 Nc7 6. d5 d6 7. Bg5 f6 8. exf6 gxf6 9. Be3 Bg7 10. Nc3 Qe7 11. Qd2 exd5 12. cxd5 Bg4 13. 0-0-0 Kd8 14. Bxc5 Nba6 15. Bd4 h5 16. Kb1 Nb4 17. Bd3 Bh6 18. Be3 Bxe3 19. fxe3 Nxd3 20. Qxd3 Na6 21. Qb5 Nc5 22. Qa5+ b6 23. Qb4 Bf5+ 24. Ka1 Re8 25. Nd4 Qh7 26. Nc6+ Kd7 27. Qb5 Kc7 28. Nd4 Bd7 29. Qb4 a6 30. Ne6+ Kb7 31. Qf4 Qe7 32. b4 Nxe6 33. dxe6 Qxe6 34. Rxd6 Qf5 35. Qd4 Bc6 36. Rxf6 Qe5 37. Rf7+ 1-0

[Event "Foment Martinenc op-A 18th"]
[Site "Barcelona"]
[Date "2016.05.07"]
[Round "3"]
[White "Jimenez Ruano, Adrian"]
[Black "Povill Batlle, Ramon"]
[Result "1/2-1/2"]
[WhiteElo "2089"]
[BlackElo "1830"]
[PlyCount "81"]
[EventDate "2016.04.23"]
[EventType "swiss"]
[EventRounds "9"]
[EventCountry "ESP"]
[SourceTitle "EXT 2017"]
[Source "ChessBase"]
[SourceDate "2016.10.25"]
[SourceVersion "1"]
[SourceVersionDate "2016.10.25"]
[SourceQuality "1"]

1. d4 d5 2. c4 e5 3. dxe5 d4 4. Nf3 Nc6 5. a3 Nge7 6. b4 Ng6 7. Bb2 a5 8. b5 Ncxe5 9. Nxe5 Nxe5 10. e3 Be6 11. Bxd4 Nxc4 12. Qc2 Nd6 13. Bd3 Qg5 14. 0-0 Nxb5 15. Bb2 Nd6 16. e4 c6 17. f4 Qh6 18. Nd2 f5 19. Rae1 0-0-0 20. exf5 Bd5 21. Nb3 Ne8 22. Bc4 Nf6 23. Bxd5 Rxd5 24. Re6 Bd6 25. Qc4 Rd8 26. Bc3 Bc7 27. h3 Rd1 28. Bxa5 Rxf1+ 29. Qxf1 Bxa5 30. Nxa5 Qh5 31. Nxc6 Rd1 32. Ne7+ Kd7 33. Re1 Rxe1 34. Qxe1 Qe8 35. Qe6+ Kd8 36. Qc8+ Kxe7 37. Qxb7+ Kf8 38. Kh2 h6 39. Qb4+ Qe7 40. Qxe7+ Kxe7 41. g4 1/2-1/2

[Event "Foment Martinenc op-A 18th"]
[Site "Barcelona"]
[Date "2016.04.23"]
[Round "1"]
[White "Povill Batlle, Ramon"]
[Black "Guevara Pijoan, Josep"]
[Result "1-0"]
[WhiteElo "1830"]
[BlackElo "2134"]
[PlyCount "35"]
[EventDate "2016.04.23"]
[EventType "swiss"]
[EventRounds "9"]
[EventCountry "ESP"]
[SourceTitle "EXT 2017"]
[Source "ChessBase"]
[SourceDate "2016.10.25"]
[SourceVersion "1"]
[SourceVersionDate "2016.10.25"]
[SourceQuality "1"]

1. e4 c5 2. d4 cxd4 3. c3 Nf6 4. e5 Nd5 5. Nf3 e6 6. Nxd4 d6 7. Bb5+ Bd7 8. Qh5 Nc6 9. Bxc6 bxc6 10. 0-0 dxe5 11. Qxe5 Qc7 12. Qh5 g6 13. Qh4 Bg7 14. c4 Nb6 15. Bh6 0-0 16. Bxg7 Kxg7 17. Qe7 e5 18. Ne6+ 1-0

[Event "Barcelona Catalunya op 26th"]
[Site "Barcelona"]
[Date "2014.11.22"]
[Round "8"]
[White "Povill Batlle, Ramon"]
[Black "Bernat Pascual, Magi"]
[Result "1-0"]
[WhiteElo "2012"]
[BlackElo "1869"]
[PlyCount "51"]
[EventDate "2014.09.27"]
[EventType "swiss"]
[EventRounds "9"]
[EventCountry "ESP"]
[SourceTitle "EXT 2017"]
[Source "ChessBase"]
[SourceDate "2016.10.25"]
[SourceVersion "1"]
[SourceVersionDate "2016.10.25"]
[SourceQuality "1"]

1. e4 c6 2. d4 d5 3. Nc3 dxe4 4. Nxe4 Bf5 5. Ng3 Bg6 6. Bc4 e6 7. N1e2 Nf6 8. 0-0 Nbd7 9. f4 Bd6 10. f5 exf5 11. Nxf5 Bxf5 12. Rxf5 0-0 13. Rf3 Qc7 14. Bf4 Nb6 15. Bd3 Rfe8 16. Bg3 Nbd5 17. Qd2 Re7 18. c4 Bxg3 19. Nxg3 Nb6 20. Rxf6 Nxc4 21. Bxc4 gxf6 22. Nf5 Qd8 23. Qh6 Qf8 24. Qxf6 Re6 25. Bxe6 fxe6 26. Ne7+ 1-0

[Event "Foment Martinenc op-A 16th"]
[Site "Barcelona"]
[Date "2014.06.21"]
[Round "9"]
[White "Povill Batlle, Ramon"]
[Black "Garcia Garrido, Enric"]
[Result "1/2-1/2"]
[WhiteElo "1840"]
[BlackElo "1925"]
[PlyCount "46"]
[EventDate "2014.04.26"]
[EventType "swiss"]
[EventRounds "9"]
[EventCountry "ESP"]
[SourceTitle "EXT 2015"]
[Source "ChessBase"]
[SourceDate "2014.11.20"]
[SourceVersion "1"]
[SourceVersionDate "2014.11.20"]
[SourceQuality "1"]

1. d4 Nf6 2. Nf3 g6 3. Nc3 c5 4. e4 cxd4 5. Nxd4 Nc6 6. f4 d6 7. Be2 Bg7 8. Nxc6 bxc6 9. e5 dxe5 10. Qxd8+ Kxd8 11. fxe5 Ng4 12. Bxg4 Bxg4 13. Bf4 g5 14. Bg3 f6 15. b3 Bf5 16. 0-0-0+ Kc8 17. Rhf1 e6 18. Rfe1 Rd8 19. Ne4 Rxd1+ 20. Kxd1 Bxe4 21. Rxe4 f5 22. Re2 Kc7 23. c4 Rd8+ 1/2-1/2

[Event "Sant Boi op 36th"]
[Site "Sant Boi de Llobregat"]
[Date "2014.06.13"]
[Round "9"]
[White "Povill Batlle, Ramon"]
[Black "Langa Ramiro, Ricardo"]
[Result "0-1"]
[WhiteElo "1994"]
[BlackElo "2150"]
[PlyCount "84"]
[EventDate "2014.04.04"]
[EventType "swiss"]
[EventRounds "9"]
[EventCountry "ESP"]
[SourceTitle "CBM 160 Extra"]
[Source "ChessBase"]
[SourceDate "2014.07.01"]
[SourceVersion "1"]
[SourceVersionDate "2014.07.01"]
[SourceQuality "1"]

1. e4 Nf6 2. e5 Nd5 3. d4 d6 4. Nf3 Nb6 5. c4 g6 6. Nc3 Bg7 7. exd6 cxd6 8. Be2 0-0 9. 0-0 Nc6 10. Be3 d5 11. Rc1 dxc4 12. Ne4 Bg4 13. Ned2 Qd5 14. h3 Bf5 15. Nxc4 Nxc4 16. Bxc4 Qa5 17. Bd2 Qb6 18. Nh4 Nxd4 19. Bc3 Rad8 20. Qe1 Bc8 21. Ba5 Qf6 22. Bxd8 Rxd8 23. Qe4 e5 24. Kh2 Bh6 25. Rc3 b5 26. Bb3 b4 27. Rd3 Ba6 28. Rfd1 Bxd3 29. Rxd3 Bf4+ 30. g3 Qxh4 31. gxf4 Qxf4+ 32. Qxf4 exf4 33. Kg2 Kg7 34. Bc4 f5 35. a3 a5 36. a4 Kf6 37. b3 Ne6 38. h4 Rxd3 39. Bxd3 Ke5 40. Bc4 h6 41. Kf3 Nd4+ 42. Kg2 g5 0-1

[Event "Foment Martinenc op-A 16th"]
[Site "Barcelona"]
[Date "2014.05.10"]
[Round "3"]
[White "Pulido Leon, Manuel"]
[Black "Povill Batlle, Ramon"]
[Result "1-0"]
[WhiteElo "1832"]
[BlackElo "1840"]
[PlyCount "88"]
[EventDate "2014.04.26"]
[EventType "swiss"]
[EventRounds "9"]
[EventCountry "ESP"]
[SourceTitle "EXT 2015"]
[Source "ChessBase"]
[SourceDate "2014.11.20"]
[SourceVersion "1"]
[SourceVersionDate "2014.11.20"]
[SourceQuality "1"]

1. g3 g6 2. Bg2 Bg7 3. d3 Nf6 4. Nf3 c6 5. 0-0 0-0 6. e4 d6 7. h3 Nbd7 8. Nc3 Qc7 9. Qe2 Nh5 10. g4 Nhf6 11. d4 e5 12. Be3 d5 13. Rfe1 h5 14. gxh5 Nxh5 15. Nxe5 Nxe5 16. dxe5 d4 17. Bxd4 Nf4 18. Qe3 Nxg2 19. Kxg2 Be6 20. f4 b6 21. Qf3 b5 22. Bc5 Rfd8 23. Bd6 Qc8 24. Rf1 b4 25. Ne2 c5 26. Kh2 Qc6 27. Qe3 Bf8 28. Bxf8 Rxf8 29. f5 Bd7 30. f6 Qe6 31. Qh6 Qxh3+ 32. Qxh3 Bxh3 33. Kxh3 Rfe8 34. Ng3 Rxe5 35. Rad1 Rc8 36. Rd5 Re6 37. Rf2 Rcc6 38. e5 c4 39. Rd8+ Kh7 40. Kg4 Rxe5 41. Rh2+ Rh5 42. Nxh5 gxh5+ 43. Rxh5+ Kg6 44. Rg8+ Kxf6 1-0

[Event "Cerdanyola del Valles op 31st"]
[Site "Cerdanyola del Valles"]
[Date "2013.??.??"]
[Round "2"]
[White "Povill Batlle, Ramon"]
[Black "Oset Teixidor, Guerau"]
[Result "0-1"]
[WhiteElo "1829"]
[BlackElo "1930"]
[PlyCount "32"]
[EventDate "2013.10.05"]
[EventType "swiss"]
[EventRounds "8"]
[EventCountry "ESP"]
[SourceTitle "CBM 157 Extra"]
[Source "ChessBase"]
[SourceDate "2013.12.19"]
[SourceVersion "1"]
[SourceVersionDate "2013.12.19"]
[SourceQuality "1"]

1. e4 c6 2. d4 d5 3. Nc3 dxe4 4. Nxe4 Nf6 5. Nxf6+ gxf6 6. Nf3 Bg4 7. c3 e6 8. Be2 Bd6 9. Qc2 Nd7 10. Bh6 Qa5 11. h3 Bf5 12. Bd3 Bxd3 13. Qxd3 Qh5 14. Qe3 Nb6 15. Bg7 Rg8 16. Bxf6 Nd5 0-1

[Event "Cerdanyola del Valles op 30th"]
[Site "Cerdanyola del Valles"]
[Date "2012.09.29"]
[Round "1"]
[White "Amores Gago, Javier"]
[Black "Povill Batlle, Ramon"]
[Result "1-0"]
[WhiteElo "2113"]
[BlackElo "1864"]
[PlyCount "49"]
[EventDate "2012.09.29"]
[EventType "swiss"]
[EventRounds "8"]
[EventCountry "ESP"]
[SourceTitle "EXT 2014"]
[Source "ChessBase"]
[SourceDate "2013.11.20"]
[SourceVersion "1"]
[SourceVersionDate "2013.11.20"]
[SourceQuality "1"]

1. e4 c5 2. Nc3 Nc6 3. g3 g6 4. Bg2 Bg7 5. d3 Nf6 6. f4 d6 7. Nf3 Nd4 8. 0-0 Bg4 9. Be3 Nxf3+ 10. Bxf3 Bxf3 11. Qxf3 0-0 12. f5 Nd7 13. g4 Ne5 14. Qg3 e6 15. Rf2 g5 16. Raf1 f6 17. fxe6 Qe8 18. Nd5 Qxe6 19. Nc7 Qd7 20. Nxa8 Nxg4 21. Rf5 Nxe3 22. Qxe3 Rxa8 23. d4 b6 24. e5 fxe5 25. Qxg5 1-0

[Event "Llinars del Valles op-A 6th"]
[Site "Llinars del Valles"]
[Date "2012.05.26"]
[Round "7"]
[White "Povill Batlle, Ramon"]
[Black "Martinez Lopez, Carlos"]
[Result "0-1"]
[WhiteElo "1823"]
[BlackElo "1623"]
[PlyCount "52"]
[EventDate "2012.04.14"]
[EventType "swiss"]
[EventRounds "9"]
[EventCountry "ESP"]
[SourceTitle "EXT 2013"]
[Source "ChessBase"]
[SourceDate "2012.11.22"]
[SourceVersion "1"]
[SourceVersionDate "2012.11.22"]
[SourceQuality "1"]

1. e4 c5 2. Nf3 Nc6 3. d4 cxd4 4. c3 d3 5. Bxd3 g6 6. Bf4 Bg7 7. Qd2 d6 8. Na3 a6 9. Nc4 b5 10. Ne3 e5 11. Bg5 f6 12. Bh4 Be6 13. c4 b4 14. Nd5 a5 15. Bc2 h5 16. Ba4 Rc8 17. h3 g5 18. Bg3 Nge7 19. Nxg5 fxg5 20. Qxg5 Kf8 21. Bd1 Ng6 22. Qe3 Nd4 23. b3 Bxd5 24. cxd5 Rc3 25. Qd2 Bh6 26. f4 Rxg3 0-1